Sports Quiz

Random Sports or MLB Quiz

Long Big 4 Teams Quiz Stats

 Plays Quiz Updated Jul 6, 2018

Challenge
Share
Tweet
Embed
Score 0/9 Timer 02:00
9 Plays Today
League Team % Correct
NBAMinnesota Timberwolves
69.3%
MLBArizona Diamondbacks
62.7%
NFLTampa Bay Buccaneers
59.5%
NBAPortland Trail Blazers
58.3%
NHLToronto Maple Leafs
57.1%
NHLColumbus Blue Jackets
55%
NHLChicago Blackhawks
54.8%
NHLVegas Golden Knights
42.8%
NHLCarolina Hurricanes
38%

You're not logged in!

Compare scores with friends on all Sporcle quizzes.
OR
Log In

You Might Also Like...

Show Comments

Extras

Top Quizzes Today


Score Distribution

Your Account Isn't Verified!

In order to create a playlist on Sporcle, you need to verify the email address you used during registration. Go to your Sporcle Settings to finish the process.

Report this User

Report this user for behavior that violates our Community Guidelines.

Details: